| 000 | 00825cab a2200265 4500 | ||
|---|---|---|---|
| 001 | ABS59788 | ||
| 008 | 090401t1998 xxu||||| |||| 00| 0 eng d | ||
| 035 | _a(Sirsi) u90273 | ||
| 041 | _aeng | ||
| 100 | _aGeorge, G. | ||
| 245 | _aLondon`s parks fall into private hands | ||
| 260 | _c1998 | ||
| 350 | _a0 | ||
| 490 |
_aInvestors Chronicle _v126(1608) 11 December 1998, 20(1) |
||
| 520 | _aDiscussion on the recent contract in which Ofex company Cardigan, secured the rights to develop the commercial potential of the eight London Royal Parks. | ||
| 650 | _aCARDIGAN PLC | ||
| 650 | _aCOMMERCIAL DEVELOPMENT | ||
| 650 | _aLONDON | ||
| 650 | _aMANAGEMENT | ||
| 650 | _aROYAL PARKS ENTERPRISES LTD | ||
| 650 | _aROYAL PARKS | ||
| 690 | _aCOMMERCIAL PROPERTY-MANAGEMENT | ||
| 942 | _n0 | ||
| 948 | _c14/12/1998 | ||
| 999 |
_c57213 _d57213 |
||